Zvyšovanie validity personálnych expertných systémov prostredníctvom nových metód výberu expertov dizertačná práca

Gespeichert in:
Bibliographische Detailangaben
1. Verfasser: Hanák, Róbert, 1979-
Körperschaft: Fakulta podnikového manažmentu EU. Katedra informačného manažmentu
Weitere Verfasser: Kokles, Mojmír
Format: Buch
Sprache:Slowakisch
Veröffentlicht: Bratislava 2011
Schlagworte:
Tags: Tag hinzufügen
Keine Tags, Fügen Sie das erste Tag hinzu!

MARC

LEADER 00000nbm a2200000 4500
001 0145009
005 20240502072613.8
041 0 |a slo 
044 |a SK 
245 1 0 |a Zvyšovanie validity personálnych expertných systémov prostredníctvom nových metód výberu expertov  |b dizertačná práca  |c Róbert Hanák ; školiteľ: Mojmír Kokles 
264 1 |a Bratislava  |c 2011 
300 |a 150 s. 
610 2 0 |a systémy expertné 
610 2 0 |a experti 
610 2 0 |a modelovanie 
610 2 0 |a indexy 
100 1 |a Hanák, Róbert, 1979- 
700 1 |a Kokles, Mojmír 
710 2 |a Fakulta podnikového manažmentu EU. Katedra informačného manažmentu